00932nam a22002417a 4500003000500000005001700005008004100022010001000063011001000073035001100083040000900094100003600103245014200139260004000281300003100321502013000352530003600482650001600518650002900534650003100563650003200594856006400626CHAP20220329143529.0100412s2010 mx a r 00010 spa d a98078 a99050 a109735 cCHAP1 aReyes Salvador, Sinuhé David.10aEvaluación de un proyecto ecoturístico para la comunidad de Santo Domingo Tepuxtepec Mixe, Oaxacac/por Sinuhé David Reyes Salvador aChapingo, Méx. :bEl autor,c2010 av, 83 h. :bilus., cuadros aTesis (Lic. en Comercio Internacional de Productos Agropecuarios) -- UACH. División de Ciencias Económico Administrativas aTambién disponible en línea14aEcoturismo.14aProyectosxEvaluación.14aProyectosxFinanciamiento.14aRecursos naturaleszOaxaca. 3Finding aiduhttp://10.13.5.2/tesis/109735.pdfzTeclea aqui